Statistics for Every Formula One Driver in the 21st Century

Click here to take the quiz!

General Stats

  • This quiz has been taken 95 times
    (65 since last reset)
  • The average score is 70 of 120

Answer Stats

Years ActiveNationalityRaces StartedDriver% Correct
2001, 2003-2018, 2021-presentSpain352Fernando Alonso
100%
2007-presentUnited Kingdom301Lewis Hamilton
98%
1991-2006, 2010-2012Germany306Michael Schumacher
98%
2021-presentGermany40Mick Schumacher
98%
2001-2009, 2012-2021Finland349Kimi Räikkönen
96%
1997-2007Germany180Ralf Schumacher
96%
2007-presentGermany296Sebastian Vettel
96%
2011-presentAustralia229Daniel Ricciardo
95%
2011-presentMexico232Sergio Pérez
95%
2000-2017United Kingdom306Jenson Button
93%
2015-presentNetherlands160Max Verstappen
93%
2015-presentSpain159Carlos Sainz
91%
1994-1998, 2000-2001, 2003Netherlands106Jos Verstappen
91%
2019-presentUnited Kingdom79Lando Norris
91%
2017-presentFrance105Pierre Gasly
91%
2018-presentMonaco99Charles Leclerc
89%
2016-2018, 2020-presentFrance108Esteban Ocon
89%
2002, 2004-2017Brazil269Felipe Massa
89%
2014-2020Denmark138Kevin Magnussen
89%
2002-2013Australia215Mark Webber
89%
2006-2016Germany206Nico Rosberg
89%
2019-presentUnited Kingdom79George Russell
87%
2017-presentCanada119Lance Stroll
87%
2010, 2012-2020, 2022Germany181Nico Hülkenberg
87%
2013-presentFinland197Valtteri Bottas
87%
2019-2020Thailand56Alex Albon
85%
1993-2011Brazil322Rubens Barrichello
85%
2022-presentChina19Guanyu Zhou
84%
2021-presentJapan39Yuki Tsunoda
84%
2014-2017, 2019-2020Russia110Daniil Kvyat
82%
1994-2008United Kingdom246David Coulthard
82%
2006-2010, 2019, 2021Poland99Robert Kubica
82%
1996-2006Canada163Jacques Villeneuve
80%
1991-2001Finland161Mika Häkkinen
80%
2020-presentCanada58Nicholas Latifi
78%
2011-2015Venezuela95Pastor Maldonado
78%
2021-presentRussia21Nikita Mazepin
76%
2009, 2012-2020France179Romain Grosjean
76%
2017, 2019-2021Italy62Antonio Giovinazzi
75%
2001-2006Colombia94Juan Pablo Montoya
75%
2022Netherlands1Nyck de Vries
75%
1997-2011Italy252Jarno Trulli
73%
1996-2009Italy229Giancarlo Fisichella
71%
2007-2013Finland111Heikki Kovalainen
71%
2009-2012, 2014Japan75Kamui Kobayashi
71%
2016-2018Belgium41Stoffel Vandoorne
71%
2010-2012Russia57Vitaly Petrov
69%
2010-2012Brazil46Bruno Senna
67%
2014-2018Sweden97Marcus Ericsson
67%
1989-2001France201Jean Alesi
64%
1994-2000, 2002Finland109Mika Salo
64%
2000-2011Germany183Nick Heidfeld
62%
1999-2002, 2005-2006, 2010-2012Spain104Pedro de la Rosa
62%
2002-2008Japan90Takuma Sato
62%
2017-2018New Zealand25Brendon Hartley
60%
2013-2014, 2016Mexico59Esteban Gutiérrez
60%
2020Brazil2Pietro Fittipaldi
60%
1993-2002United Kingdom145Eddie Irvine
58%
2015-2016Brazil39Felipe Nasr
58%
1994-1999, 2001-2004France157Olivier Panis
58%
2011-2013, 2017United Kingdom59Paul di Resta
58%
2007-2011, 2013-2014Germany128Adrian Sutil
56%
2013-2014France34Jules Bianchi
56%
2008-2009Brazil28Nelson Piquet Jr.
56%
2018Russia21Sergey Sirotkin
56%
2004, 2008-2012Germany91Timo Glock
56%
1994-2003Germany156Heinz-Harald Frentzen
55%
2016-2017Germany39Pascal Wehrlein
55%
2009-2011Switzerland55Sébastien Buemi
53%
1997-2000, 2005, 2007Austria69Alexander Wurz
51%
2005, 2011-2012India46Narain Karthikeyan
51%
2020United Kingdom1Jack Aitken
49%
2006-2007United States28Scott Speed
49%
2012-2014France58Jean-Éric Vergne
47%
2012-2013France39Charles Pic
45%
1989-2000United Kingdom161Johnny Herbert
45%
2016-2017United Kingdom35Jolyon Palmer
45%
2010-2011India11Karun Chandhok
44%
2007-2009Japan36Kazuki Nakajima
44%
2006-2007, 2010Japan21Sakon Yamamoto
44%
2005-2007, 2009-2011Italy80Vitantonio Liuzzi
44%
2004-2006, 2010Austria49Christian Klien
42%
2009-2011Spain46Jaime Alguersuari
42%
2001-2002Malaysia14Alex Yoong
40%
2014Germany1André Lotterer
40%
2013Netherlands19Giedo van der Garde
40%
1993, 1995-1996, 1999, 2009Italy50Luca Badoer
40%
2008-2009France27Sébastien Bourdais
40%
2014-2015United States5Alexander Rossi
38%
2011-2012Belgium20Jérôme d'Ambrosio
38%
2007Germany1Markus Winkelhock
38%
2013-2014United Kingdom35Max Chilton
38%
2016Indonesia12Rio Haryanto
38%
2014-2015United Kingdom18Will Stevens
38%
1999-2000, 2003-2004Spain36Marc Gené
35%
2015Spain13Roberto Merhi
35%
2005-2006Portugal37Tiago Monteiro
35%
2003-2004Hungary20Zsolt Baumgartner
35%
2002, 2005, 2007-2008United Kingdom24Anthony Davidson
33%
2005-2007Netherlands46Christijan Albers
33%
2005-2006Monaco/Netherlands11Robert Doornbos
33%
2001Czechia3Tomáš Enge
31%
2006Japan4Yuji Ide
31%
2010Brazil18Lucas di Grassi
29%
1995-2000Brazil98Pedro Diniz
27%
1999-2001, 2004-2005Brazil36Ricardo Zonta
27%
2000-2001Argentina21Gastón Mazzacane
25%
2003Ireland14Ralph Firman
24%
2000-2001Brazil14Luciano Burti
22%
1996-1997, 2001Brazil24Tarso Marques
22%
2002United Kingdom16Allan McNish
20%
2006France7Franck Montagny
20%
2003United Kingdom16Justin Wilson
20%
2003-2005Brazil20Antônio Pizzonia
18%
2004Italy14Giorgio Pantano
18%
2005Austria11Patrick Friesacher
18%
2003-2004Brazil28Cristiano da Matta
16%
2003Denmark5Nicolas Kiesa
16%
2001-2002Brazil28Enrique Bernoldi
13%
2004Italy18Gianmaria Bruni
13%

Score Distribution

Percentile by Number Answered

Percent of People with Each Score

Your Score History

You have not taken this quiz since the last reset